Devinez le Pays Mystère #127 - Statistiques

Statistiques générales
  • Ce quiz a été pris 325 fois
  • Le résultat moyen est 9 sur 11
Statistiques - réponses
Type de Réponse Réponse % Correct
Lettre Trouvée E
98%
Lettre Trouvée I
96%
Lettre Bien Placée E
90%
Lettre Trouvée L
81%
Lettre Trouvée B
80%
Lettre Bien Placée I
76%
Lettre Bien Placée B
74%
Lettre Trouvée Y
74%
Lettre Bien Placée L
72%
Pays Mystère Libye
71%
Lettre Bien Placée Y
71%
Aucun quiz correspondant
Distribution des résultats
% des personnes avec chaque résultat
Percentile par nombre de réponses
Votre historique - résultats
Vous n’avez pas pris ce quiz